[Event "Druzynowe Mistrzostwa Polski Juniorow - Ekstraliga"]
[Site "Osrodek Wczasowo - Szkoleniowy "Relax" ul. Stroma 20, 43-450 Ustron"]
[Date "2011-06-27"]
[Round "3.1"]
[White "Kanarek, Marcel"]
[Black "Swiercz, Dariusz"]
[Result "1/2-1/2"]
[WhiteTitle "IM"]
[BlackTitle "GM"]
[WhiteElo "2435"]
[BlackElo "2553"]

1. e4 e6 2. d4 d5 3. Nc3 Nf6 4. Bg5 dxe4 5. Nxe4 Nbd7 6. Nf3 h6 7. Nxf6+ Nxf6 8.
Be3 Nd5 9. Qd2 Bd7 10. O-O-O Bb4 11. c3 Bd6 12. c4 Nxe3 13. Qxe3 Qf6 14. g3 Ba4
15. Rd3 O-O 16. c5 Be7 17. Ne5 Bc6 18. Nxc6 bxc6 19. Bg2 Rab8 20. Rb3 Rxb3 21.
axb3 Rd8 22. Rd1 Bf8 23. Bxc6 g6 24. Qf3 Qg5+ 25. Qf4 Qe7 26. b4 Bg7 27. Kc2 a6
28. Rd2 Rb8 29. Kb3 Rd8 30. Qe4 Qf6 31. Kc4 h5 32. f4 Kf8 33. h4 Kg8 34. Rd3 Rb8
35. Bb7 Rd8 36. Kc3 Kf8 37. Bxa6 Qe7 38. Bb7 Qd7 39. Bc6 f5 40. Qh1 Bxd4+ 41.
Kc4 Qg7 42. Qd1 e5 43. fxe5 Qf7+ 44. Kb5 Rb8+ 45. Ka5 Qa2+ 46. Qa4 Qxb2 47. Qb3
Qa1+ 48. Qa3 Qxa3+ 49. Rxa3 Ke7 50. Rd3 Bxe5 51. b5 Rd8 52. Re3 Kf6 53. b6 cxb6+
54. Kxb6 Rd1 55. Bb5 Rc1 56. Rd3 Rc3 57. Rxc3 Bxc3 58. c6 Be5 59. c7 Bxc7+ 60.
Kxc7 g5 61. Kd6 f4 62. gxf4 gxf4 63. Bd3 f3 64. Kd5 f2 65. Ke4 Kg7 66. Kf4 f1=Q+
67. Bxf1 Kh8 68. Kf5 Kg7 69. Kg5 Kh8 70. Kh6 Kg8 71. Bc4+ Kh8 72. Bd5 1/2-1/2

[Event "Druzynowe Mistrzostwa Polski Juniorow - Ekstraliga"]
[Site "Osrodek Wczasowo - Szkoleniowy "Relax" ul. Stroma 20, 43-450 Ustron"]
[Date "2011-06-27"]
[Round "3.2"]
[White "Wieczorek, Oskar"]
[Black "Weichhold, Pawel"]
[Result "1-0"]
[WhiteTitle "m"]
[BlackTitle "k+"]
[WhiteElo "2383"]
[BlackElo "2285"]

1. e4 c5 2. c3 d5 3. exd5 Qxd5 4. d4 Nf6 5. Nf3 e6 6. Bd3 Be7 7. O-O O-O 8. c4
Qd8 9. dxc5 Bxc5 10. Qe2 Nc6 11. Nc3 h6 12. Bf4 Nh5 13. Be3 Bxe3 14. Qxe3 Qc7
15. Nb5 Qf4 16. Rad1 Qxe3 17. fxe3 Nf6 18. Nd6 Ng4 19. Rfe1 f5 20. c5 Nge5 21.
Nxe5 Nxe5 22. Bb5 Rd8 23. e4 f4 24. Nc4 Rxd1 25. Rxd1 Nf7 26. e5 Kf8 27. b4 Ke7
28. Kf2 g5 29. g3 b6 30. Bc6 Rb8 31. cxb6 axb6 32. b5 Nd8 33. gxf4 gxf4 34. Kf3
Nxc6 35. bxc6 b5 36. Nd6 b4 37. Kxf4 Ba6 38. Rg1 b3 39. axb3 Rb4+ 40. Ke3 Rxb3+
41. Kd4 Rd3+ 42. Kc5 Rd5+ 43. Kb6 Rxe5 44. Rg7+ Kxd6 45. Rd7# 1-0

[Event "Druzynowe Mistrzostwa Polski Juniorow - Ekstraliga"]
[Site "Osrodek Wczasowo - Szkoleniowy "Relax" ul. Stroma 20, 43-450 Ustron"]
[Date "2011-06-27"]
[Round "3.3"]
[White "Lebiedowicz, Borys"]
[Black "Khamidov, Komil"]
[Result "0-1"]
[WhiteTitle "II"]
[BlackTitle "I"]
[WhiteElo "1682"]
[BlackElo "2040"]

1. e4 c5 2. Nf3 e6 3. d4 cxd4 4. Nxd4 Nf6 5. Bd3 d6 6. O-O Be7 7. Nc3 O-O 8. Be3
a6 9. a4 b6 10. f4 Qc7 11. f5 e5 12. Nb3 Bb7 13. Bg5 Nbd7 14. a5 b5 15. Be2 Rac8
16. Rc1 h6 17. Bxf6 Nxf6 18. Bd3 Rfd8 19. Qe2 d5 20. exd5 Nxd5 21. Ne4 Nf4 22.
Qg4 h5 23. Qf3 Bd5 24. g3 Nxd3 25. cxd3 Qa7+ 26. d4 Bxb3 27. Qxb3 Rxc1 28. Rxc1
Rxd4 29. Nf2 Rd2 30. Qf3 Bc5 0-1

[Event "Druzynowe Mistrzostwa Polski Juniorow - Ekstraliga"]
[Site "Osrodek Wczasowo - Szkoleniowy "Relax" ul. Stroma 20, 43-450 Ustron"]
[Date "2011-06-27"]
[Round "3.4"]
[White "Kulas, Szymon"]
[Black "Januszkiewicz, Wojciech"]
[Result "1-0"]
[WhiteTitle "I"]
[BlackTitle "II"]
[WhiteElo "1945"]
[BlackElo "1749"]

1. Nf3 Nf6 2. c4 c5 3. Nc3 e6 4. d4 cxd4 5. Nxd4 Nc6 6. Bg5 Be7 7. e4 d6 8. Be2
a6 9. O-O Qc7 10. Be3 Ne5 11. b3 h5 12. h3 b6 13. f4 Ned7 14. Bf3 Bb7 15. f5 e5
16. Nde2 Nc5 17. Qc2 Rc8 18. Rac1 h4 19. Rfd1 Qc6 20. Nd5 Nxd5 21. exd5 Qc7 22.
Nc3 Qd8 23. Qd2 Bf6 24. b4 Nd7 25. Ne4 Be7 26. c5 Nf6 27. c6 Ba8 28. Qf2 Nxe4
29. Bxe4 Bf6 30. Bxb6 Qe7 31. Bd3 1-0

[Event "Druzynowe Mistrzostwa Polski Juniorow - Ekstraliga"]
[Site "Osrodek Wczasowo - Szkoleniowy "Relax" ul. Stroma 20, 43-450 Ustron"]
[Date "2011-06-27"]
[Round "3.5"]
[White "Adamowicz, Katarzyna"]
[Black "Iwanow, Anna"]
[Result "0-1"]
[WhiteTitle "WFM"]
[BlackTitle "WFM"]
[WhiteElo "2106"]
[BlackElo "2162"]

1. Nf3 d5 2. d4 Nf6 3. c4 dxc4 4. Qa4+ Nbd7 5. Qxc4 e6 6. g3 a6 7. Bg2 b5 8. Qc2
Bb7 9. b3 c5 10. Bb2 cxd4 11. Bxd4 Bb4+ 12. Nbd2 Rc8 13. Qb2 e5 14. Be3 Bc3 15.
Qb1 Ng4 16. Bg5 f6 17. h3 fxg5 18. hxg4 e4 19. Nd4 Qf6 20. Bxe4 Qxd4 21. Bxb7
Bxd2+ 22. Kf1 Rc1+ 0-1

[Event "Druzynowe Mistrzostwa Polski Juniorow - Ekstraliga"]
[Site "Osrodek Wczasowo - Szkoleniowy "Relax" ul. Stroma 20, 43-450 Ustron"]
[Date "2011-06-27"]
[Round "3.6"]
[White "Dadello, Aleksandra"]
[Black "Czaplewska, Klara"]
[Result "0-1"]
[WhiteTitle "I+"]
[BlackTitle "I"]
[WhiteElo "1802"]
[BlackElo "1586"]

1. e4 e5 2. Nf3 Nc6 3. Bc4 Bc5 4. c3 Nf6 5. d4 exd4 6. e5 d5 7. Bb5 Ne4 8. cxd4
Bb6 9. O-O O-O 10. Nc3 f5 11. Ne2 Ne7 12. Ng5 Ng6 13. Nxe4 fxe4 14. Be3 c6 15.
Ba4 Be6 16. Qd2 Qd7 17. Nf4 Nxf4 18. Bxf4 Qf7 19. Be3 Qg6 20. Kh1 Rf7 21. f3 exf3
22. Rxf3 Rxf3 23. gxf3 Qf5 24. Qg2 Rf8 25. f4 Qd3 26. Rg1 Rf7 27. Re1 Bf5 28.
Qf2 Qe4+ 29. Kg1 Re7 30. Rc1 Re6 31. Bc2 Rg6+ 32. Kf1 Bh3+ 33. Ke2 Bg4+ 34. Ke1
Ba5+ 35. Kf1 Qh1+ 36. Qg1 Qf3+ 0-1

[Event "Druzynowe Mistrzostwa Polski Juniorow - Ekstraliga"]
[Site "Osrodek Wczasowo - Szkoleniowy "Relax" ul. Stroma 20, 43-450 Ustron"]
[Date "2011-06-27"]
[Round "3.7"]
[White "Strzemiecki, Zbigniew"]
[Black "Dragun, Kamil"]
[Result "1-0"]
[WhiteTitle "FM"]
[BlackTitle "IM"]
[WhiteElo "2422"]
[BlackElo "2420"]

1. e4 c5 2. Nf3 Nc6 3. Bb5 g6 4. O-O Bg7 5. Bxc6 dxc6 6. h3 Nf6 7. Qe2 Nd7 8. d3
e5 9. Nbd2 Qe7 10. b3 Nf8 11. Nc4 Ne6 12. a4 b6 13. Be3 Nd4 14. Nxd4 cxd4 15.
Bd2 Be6 16. f4 exf4 17. Bxf4 Rd8 18. Qd2 O-O 19. Rae1 Bxc4 20. bxc4 Qc5 21. Bh6
Rde8 22. Qf4 Qe5 23. Qxe5 Rxe5 24. Bf4 Ra5 25. Ra1 f5 26. Bd2 Re5 27. exf5 Rfxf5
28. Rxf5 Rxf5 29. Rf1 Kf7 30. g4 Rxf1+ 31. Kxf1 Ke6 32. Ke2 Kd6 33. Bc1 b5 34.
Ba3+ Kc7 35. axb5 cxb5 36. Bc5 a6 37. Kf3 Kc6 38. Be7 a5 39. cxb5+ Kxb5 40. Ke4
Kc6 41. g5 a4 42. Ba3 Kb6 43. Kd5 Kb5 44. Be7 h6 45. h4 h5 46. Ba3 Bh8 47. Bf8
Kb6 48. Ke6 Kc6 49. Ba3 Bg7 50. Kf7 Be5 51. Kxg6 Bd6 52. Bb2 Kd5 53. Kf7 a3 54.
Bxa3 Bxa3 1-0

[Event "Druzynowe Mistrzostwa Polski Juniorow - Ekstraliga"]
[Site "Osrodek Wczasowo - Szkoleniowy "Relax" ul. Stroma 20, 43-450 Ustron"]
[Date "2011-06-27"]
[Round "3.8"]
[White "Siwiec, Arkadiusz"]
[Black "Krzyzanowski, Marcin"]
[Result "0-1"]
[WhiteTitle "I++"]
[BlackTitle "m"]
[WhiteElo "2123"]
[BlackElo "2370"]

1. e4 g6 2. d4 Bg7 3. Nc3 d6 4. Be3 a6 5. a4 b6 6. f4 Nd7 7. Nf3 Bb7 8. Bc4 e6
9. f5 exf5 10. exf5 Qe7 11. Qe2 Bh6 12. Bxh6 Qxe2+ 13. Kxe2 Nxh6 14. fxg6 hxg6
15. Rae1 O-O 16. Kd2 Rae8 17. Rxe8 Rxe8 18. Re1 Rxe1 19. Nxe1 Nf5 20. Kd3 c5 21.
Ne2 cxd4 22. Kd2 Nc5 23. Bd3 Ne3 24. Nxd4 Nxd3 25. Nxd3 Nf1+ 26. Ke2 Nxh2 27.
g3 Ng4 28. b3 Ne5 29. Nf2 Nc6 30. Nf3 Kf8 31. c3 Bc8 32. Ne4 Ke7 33. Ke3 Be6 34.
Ned2 f5 35. Kf4 Kf6 36. Ng5 Bg8 37. Ngf3 Ne7 38. Ke3 Bd5 39. Nd4 g5 40. b4 Ng6
41. c4 Bb7 42. c5 bxc5 43. bxc5 dxc5 44. N4b3 Ne5 45. Nxc5 Bc8 46. Kd4 Nd7 47.
Nd3 Nf8 48. Kc5 Bd7 49. Kb6 Bxa4 50. Kxa6 Ne6 51. Ka5 Bc2 52. Ne1 Bd1 53. Kb4
Ng7 54. Nf1 Be2 55. Ne3 Nh5 56. g4 Bxg4 57. Nxg4+ fxg4 58. Kc3 Kf5 59. Kd3 Kf4
60. Ke2 Kg3 61. Ke3 Nf4 62. Nc2 Kh2 63. Nd4 g3 64. Nf3+ Kh1 0-1

[Event "Druzynowe Mistrzostwa Polski Juniorow - Ekstraliga"]
[Site "Osrodek Wczasowo - Szkoleniowy "Relax" ul. Stroma 20, 43-450 Ustron"]
[Date "2011-06-27"]
[Round "3.9"]
[White "Jarmula, Lukasz"]
[Black "Koitka, Jakub"]
[Result "1-0"]
[WhiteTitle "I+"]
[BlackTitle "I"]
[WhiteElo "1871"]
[BlackElo "1920"]

1. e4 e5 2. Nf3 Nc6 3. Bb5 a6 4. Ba4 Nf6 5. O-O Be7 6. Re1 b5 7. Bb3 d6 8. c3 O-O
9. h3 Nb8 10. d4 Nbd7 11. Nbd2 Bb7 12. Bc2 Re8 13. Nf1 Bf8 14. Ng3 g6 15. a4 c6
16. Bg5 h6 17. Be3 Bg7 18. Rb1 Qc7 19. b3 Rad8 20. Qc1 Kh7 21. Qb2 d5 22. dxe5
Nxe4 23. Bxe4 dxe4 24. Nxe4 Nxe5 25. Nxe5 Bxe5 26. Bf4 Kg7 27. c4 Bxb2 28. Bxc7
Rd7 29. Bb6 Ba3 30. Nc5 Rxe1+ 31. Rxe1 Bxc5 32. Bxc5 Bc8 33. cxb5 cxb5 34. a5
Rd5 35. b4 Be6 36. Rc1 Rd8 37. Bb6 Rc8 38. Bc5 Rd8 39. Bb6 Rc8 40. Rd1 Kf8 41.
Rd6 Ra8 42. Bc5 Ke8 43. Kf1 Bc4+ 44. Ke1 Be6 45. Ke2 Bc4+ 46. Kf3 Be6 47. Kf4
h5 48. f3 Rd8 49. Rxa6 Rd2 50. g4 hxg4 51. fxg4 Kd7 52. Rb6 Bc4 53. a6 Ra2 54.
h4 Kc7 55. h5 Rh2 56. a7 Bd5 57. hxg6 fxg6 58. Rxb5 Bc6 59. Rb8 Ra2 60. Kg5 Bd5
61. Re8 Bc6 62. Re7+ Kd8 63. Kxg6 Rc2 64. Rg7 1-0

[Event "Druzynowe Mistrzostwa Polski Juniorow - Ekstraliga"]
[Site "Osrodek Wczasowo - Szkoleniowy "Relax" ul. Stroma 20, 43-450 Ustron"]
[Date "2011-06-27"]
[Round "3.10"]
[White "Delekta, Filip"]
[Black "Maciejewski, Andrzej"]
[Result "0-1"]
[WhiteTitle "II+"]
[BlackTitle "I"]
[WhiteElo "1848"]
[BlackElo "1747"]

1. e4 c5 2. Nf3 Nc6 3. d4 cxd4 4. Nxd4 e5 5. Nb5 a6 6. Nd6+ Bxd6 7. Qxd6 Qf6 8.
Qc7 Nge7 9. Nc3 Nb4 10. Bd3 d5 11. a3 Nxd3+ 12. cxd3 d4 13. Na4 Qc6 14. Qxc6+
Nxc6 15. Nb6 Rb8 16. Bd2 Be6 17. f4 f6 18. f5 Bf7 19. Rc1 O-O 20. Ke2 Rfd8 21.
a4 Rd6 22. a5 Na7 23. Bb4 Rc6 24. Rc5 Rxc5 25. Bxc5 Rd8 26. g4 Nc8 27. Rc1 h6
28. Na4 Be8 29. Bb6 Nxb6 30. Nxb6 Bc6 31. Rc5 Kf8 32. Nc4 Ke7 33. h4 Re8 34. Kf3
Rc8 35. b4 Bd7 36. Rd5 Rc6 37. g5 hxg5 38. hxg5 Be8 39. Nb6 Rc3 40. Ke2 Bc6 41.
Kd2 Bxd5 42. gxf6+ Kf7 43. Nxd5 Rc6 44. fxg7 Kxg7 45. Nb6 Rc7 46. Na4 Kf6 47.
Nc5 Rh7 48. Kc2 Rc7 49. Kd2 Ke7 50. Na4 Rc6 51. Ke2 Rh6 52. Kd1 Kd6 53. Nb6 Kc6
54. Kc2 Kb5 55. Nd7 Kxb4 56. f6 Rh2+ 57. Kd1 Rf2 58. Ke1 Rf4 59. Nb6 Kxa5 60.
Nd5 Rh4 61. Ne7 Rh7 62. Ng6 Rf7 63. Nxe5 Rxf6 64. Nd7 Rd6 65. Nc5 Kb5 66. Nxb7
0-1

[Event "Druzynowe Mistrzostwa Polski Juniorow - Ekstraliga"]
[Site "Osrodek Wczasowo - Szkoleniowy "Relax" ul. Stroma 20, 43-450 Ustron"]
[Date "2011-06-27"]
[Round "3.11"]
[White "Leks, Maria"]
[Black "Wisniowska, Klaudia"]
[Result "1/2-1/2"]
[WhiteTitle "WCM"]
[BlackTitle "k"]
[WhiteElo "2058"]
[BlackElo "2022"]

1. e4 c5 2. Nf3 d6 3. d4 cxd4 4. Nxd4 Nf6 5. Nc3 a6 6. Be2 g6 7. O-O Bg7 8. Bg5
O-O 9. Re1 Nbd7 10. Bf1 Re8 11. a4 Qc7 12. a5 b6 13. axb6 Nxb6 14. Na4 Bb7 15.
f3 Nfd7 16. Be3 d5 17. Nxb6 Nxb6 18. exd5 Nxd5 19. Bf2 Be5 20. g3 e6 21. Qe2 Bd6
22. Bg2 h5 23. c4 Nf6 24. Nb3 Bb4 25. Rec1 e5 26. c5 Bd5 27. Rxa6 Rxa6 28. Qxa6
Nd7 29. Qd3 Qc6 30. Qe3 Nf6 31. Nd2 Ng4 32. Qe2 Nxf2 33. Qxf2 Rc8 34. Kh1 Bxc5
35. Qe2 Qd7 36. Qxe5 Re8 37. Qc3 Bf8 38. Ne4 Bxe4 39. fxe4 Bg7 40. Qc2 Rb8 41.
b3 Qb5 42. Rb1 Qg5 43. Qf2 Be5 44. b4 Bd6 45. Rf1 Rf8 46. Qd4 Be5 47. Qd5 Kg7
48. b5 f6 49. b6 h4 50. gxh4 Qxh4 51. Qd7+ Rf7 52. Qh3 Qxh3 53. Bxh3 Rb7 54. Rb1
Bd4 55. Bc8 Rxb6 56. Rxb6 Bxb6 57. Kg2 Bd4 58. Be6 Be5 59. h3 1/2-1/2

[Event "Druzynowe Mistrzostwa Polski Juniorow - Ekstraliga"]
[Site "Osrodek Wczasowo - Szkoleniowy "Relax" ul. Stroma 20, 43-450 Ustron"]
[Date "2011-06-27"]
[Round "3.12"]
[White "Gora, Antonina"]
[Black "Pastuszko, Kinga"]
[Result "0-1"]
[WhiteTitle "II+"]
[BlackTitle "I++"]
[WhiteElo "1667"]
[BlackElo "1862"]

1. e4 e5 2. Nf3 Nc6 3. Bc4 Nf6 4. d3 Bc5 5. c3 a6 6. Bb3 Ba7 7. Nbd2 d5 8. exd5
Nxd5 9. Nc4 O-O 10. O-O Re8 11. Re1 f6 12. d4 exd4 13. Rxe8+ Qxe8 14. cxd4 Be6
15. Ne3 Qf7 16. Ba4 Nce7 17. Bc2 Rd8 18. Qd3 Ng6 19. Nxd5 Bxd5 20. Qc3 Bb6 21.
h3 Qe8 22. Bb3 Bxb3 23. Qxb3+ Qf7 24. Qc3 Ne7 25. Be3 Nd5 26. Qa3 Qe7 27. Qb3
Qb4 28. Qc2 Re8 29. Bd2 Qd6 30. Qc4 Kh8 31. Nh4 Qd7 32. a4 a5 33. Rc1 Re6 34.
Qd3 Qxa4 35. Qf5 Qd7 36. Qh5 Kg8 37. Nf5 Re8 38. Nxg7 Kxg7 39. Bh6+ Kh8 40. Rd1
Rg8 41. Kh1 c6 42. g4 Qe8 43. Qh4 Qe4+ 44. Kg1 Bxd4 0-1

[Event "Druzynowe Mistrzostwa Polski Juniorow - Ekstraliga"]
[Site "Osrodek Wczasowo - Szkoleniowy "Relax" ul. Stroma 20, 43-450 Ustron"]
[Date "2011-06-27"]
[Round "3.13"]
[White "Popiol, Michal"]
[Black "Sadzikowski, Daniel"]
[Result "1-0"]
[WhiteTitle "II"]
[BlackTitle "FM"]
[WhiteElo "1821"]
[BlackElo "2374"]

1. d4 Nf6 2. c4 e6 3. Nf3 Bb4+ 4. Nbd2 b6 5. g3 Bb7 6. Bg2 O-O 7. O-O Re8 8. a3
Bxd2 9. Bxd2 d5 10. Ne5 Qc8 11. Qc2 c5 12. dxc5 bxc5 13. b4 d4 14. e3 Bxg2 15.
Kxg2 Qb7+ 16. Kg1 Qe4 17. Qxe4 Nxe4 18. Bc1 Rd8 19. exd4 cxd4 20. Re1 Nc3 21.
Bd2 Na4 22. c5 a6 23. Rac1 Ra7 24. f4 Rc7 25. Nc4 Nc6 26. Re4 Na7 27. Rce1 g6
28. g4 Nb5 29. f5 gxf5 30. gxf5 exf5 31. R4e2 h5 32. Bg5 Rd5 33. Bf6 Rc6 34. Be5
Rg6+ 35. Kf1 f6 36. Bd6 Rg7 37. Re8+ Kh7 38. Rf8 d3 39. Rxf6 Nac3 40. Ree6 d2
41. Rh6+ Kg8 42. Re8+ 1-0

[Event "Druzynowe Mistrzostwa Polski Juniorow - Ekstraliga"]
[Site "Osrodek Wczasowo - Szkoleniowy "Relax" ul. Stroma 20, 43-450 Ustron"]
[Date "2011-06-27"]
[Round "3.14"]
[White "Lewicki, Miroslaw"]
[Black "Tomsia, Kamil"]
[Result "0-1"]
[WhiteTitle "CM"]
[BlackTitle "I+"]
[WhiteElo "2196"]
[BlackElo "2090"]

1. e4 c5 2. Nf3 Nf6 3. e5 Nd5 4. c4 Nb6 5. b3 d5 6. exd6 Qxd6 7. Nc3 a6 8. Ba3
Qc7 9. d4 cxd4 10. Nxd4 Qe5+ 11. Nde2 Nc6 12. f4 Qa5 13. Bb2 Bf5 14. a3 Rd8 15.
Qc1 Qc5 16. Ng3 Nd4 17. b4 Qc8 18. c5 Qe6+ 19. Kf2 Nb3 20. Qe3 Rd2+ 21. Be2 Rxb2
22. cxb6 Nxa1 23. Nxf5 Qxf5 24. Rxa1 e6 25. Ne4 Be7 26. Rc1 O-O 27. Rc7 Bd8 28.
Rxb7 a5 29. Nd6 Qd5 30. Qe5 Qxe5 31. fxe5 axb4 32. axb4 Rxb4 33. Nc4 f6 34. exf6
Bxf6 35. Ke3 Rd8 36. Bg4 Rb3+ 37. Ke2 h6 38. Bxe6+ Kh8 39. Rc7 Re8 40. Rc6 Bd4
41. h4 Rb8 42. h5 Bxb6 43. Kd2 Bd4 44. Bd5 Rc3 45. Re6 Rd8 46. Nd6 Rc7 47. Ne8
Bb6 48. Nxc7 Bxc7 49. Rc6 Rxd5+ 50. Ke3 Rd7 51. Ke4 Kg8 52. g4 Kf7 53. Ra6 Bd8
54. Rc6 Ra7 55. Rd6 Bg5 56. Rd4 Ra6 57. Rb4 Kf6 58. Rc4 Re6+ 59. Kd5 Re1 60. Rc6+
Kf7 61. Rc7+ Be7 62. Rc4 Kf6 63. Rc6+ Kf7 64. Rc4 Bf6 65. Rc7+ Re7 66. Rc4 Rd7+
67. Ke4 Ke6 68. Rc6+ Rd6 69. Rc4 Rb6 70. Ra4 Be7 71. Ra2 Rb4+ 72. Kf3 Bd6 73.
Re2+ Kf6 74. Rg2 Rf4+ 75. Kg3 Kg5 0-1

[Event "Druzynowe Mistrzostwa Polski Juniorow - Ekstraliga"]
[Site "Osrodek Wczasowo - Szkoleniowy "Relax" ul. Stroma 20, 43-450 Ustron"]
[Date "2011-06-27"]
[Round "3.15"]
[White "Snihur, Piotr"]
[Black "Ulanowski, Karol"]
[Result "1/2-1/2"]
[WhiteTitle "I"]
[BlackTitle "I"]
[WhiteElo "1859"]
[BlackElo "1949"]

1. e4 c5 2. Nf3 d6 3. d4 cxd4 4. Nxd4 Nf6 5. Nc3 a6 6. Bg5 e6 7. f4 Qb6 8. Qd2
Qxb2 9. Nb3 Qa3 10. Bxf6 gxf6 11. Be2 h5 12. O-O Nc6 13. Kh1 Qb4 14. Qe3 Qa3 15.
Nb1 Qa4 16. a3 Ne7 17. N1d2 Qc6 18. a4 Bd7 19. Nc4 Nc8 20. a5 h4 21. h3 Rg8 22.
Qd4 e5 23. fxe5 dxe5 24. Qd3 Be7 25. Ne3 Be6 26. Nd5 Nd6 27. c4 Rd8 28. Nd2 Rg5
29. Qe3 Rg3 30. Qh6 Bxd5 31. cxd5 Qc3 32. Bg4 Bf8 33. Qxf6 Qxd2 34. Qxe5+ Be7
35. Qh8+ Bf8 36. Qe5+ Be7 37. Qh8+ Bf8 38. Qe5+ 1/2-1/2

[Event "Druzynowe Mistrzostwa Polski Juniorow - Ekstraliga"]
[Site "Osrodek Wczasowo - Szkoleniowy "Relax" ul. Stroma 20, 43-450 Ustron"]
[Date "2011-06-27"]
[Round "3.16"]
[White "Drop, Szymon"]
[Black "Mirski, Michal"]
[Result "0-1"]
[WhiteTitle "II"]
[BlackTitle "II+"]
[WhiteElo "1612"]
[BlackElo "1787"]

1. e4 c5 2. Nf3 d6 3. d4 cxd4 4. Nxd4 Nf6 5. Nc3 Nc6 6. Be2 e5 7. Nb3 Be7 8. Be3
O-O 9. O-O a5 10. a4 Be6 11. f3 Nb4 12. Nb5 d5 13. c3 Nc6 14. exd5 Nxd5 15. Bf2
Nf4 16. Nd2 Bf5 17. Ne4 Bxe4 18. fxe4 Qxd1 19. Bxd1 Nd3 20. Be2 Nxf2 21. Kxf2
Bc5+ 22. Ke1 Rad8 23. Rd1 Rxd1+ 24. Bxd1 g6 25. g4 Kg7 26. Bb3 f6 27. Nc7 Nd8
28. Ne6+ Nxe6 29. Bxe6 Kh6 30. h4 Kg7 31. Ke2 Rd8 32. Bd5 b6 33. Rf3 Rd6 34. Rg3
Kh6 35. Rf3 Kg7 36. Rg3 Rd7 37. Rf3 Bg1 38. Rh3 Rd6 39. Rh1 Bc5 40. Rf1 Rd7 41.
Rf3 Be7 42. Rh3 Kh6 43. Rf3 Rd6 44. h5 Kg5 45. Bf7 Rd7 46. Be6 Rd6 47. Bf7 Rd8
48. Be6 Re8 49. Bf7 Rf8 50. Be6 Bc5 51. Kf1 Rb8 52. Rd3 Re8 53. Bd7 Re7 54. Bc8
Kf4 55. Rd8 Kxe4 56. hxg6 hxg6 57. Rg8 Rc7 58. Be6 Rc6 59. Bf7 g5 60. Bg6+ Kf3
61. Bf5 Rd6 0-1

[Event "Druzynowe Mistrzostwa Polski Juniorow - Ekstraliga"]
[Site "Osrodek Wczasowo - Szkoleniowy "Relax" ul. Stroma 20, 43-450 Ustron"]
[Date "2011-06-27"]
[Round "3.17"]
[White "Mucha, Magdalena"]
[Black "Chrzaszcz, Malvina"]
[Result "0-1"]
[WhiteTitle "WCM"]
[BlackTitle "k"]
[WhiteElo "1835"]
[BlackElo "2046"]

1. d4 Nf6 2. c4 e6 3. Nf3 d5 4. g3 Bd6 5. Bg2 O-O 6. O-O c6 7. b3 Nbd7 8. Bb2 Ne4
9. Nc3 f5 10. e3 Qf6 11. Nd2 Qh6 12. Qe1 Ndf6 13. f3 Ng5 14. Nd1 Bd7 15. Nf2 Rae8
16. Nd3 Nf7 17. Ne5 Bc8 18. Rc1 Nd7 19. Nxd7 Bxd7 20. f4 g5 21. Nf3 Re7 22. Ne5
Qh5 23. Nxf7 Rexf7 24. Bf3 Qh6 25. Rc2 Rg7 26. Rg2 Kh8 27. Rff2 Rfg8 28. Bc3 Qh3
29. Bd2 Be8 30. Qf1 Bh5 31. Bxh5 Qxh5 32. Qe2 Qf7 33. Be1 Qf6 34. c5 Bc7 35. Qf1
gxf4 36. gxf4 Rg4 37. Qe2 Qh4 38. Rxg4 Rxg4+ 39. Rg2 Qh3 40. Rg3 Qh5 41. Qg2 Bd8
42. h3 Rxg3 43. Qxg3 Qd1 44. Kg2 b6 45. b4 Qa4 46. Qf2 Qd1 47. Qd2 Qb1 48. Qe2
Bf6 49. Qf2 Kg7 50. Qe2 Qe4+ 51. Qf3 Qd3 52. Qg3+ Kf7 53. Qf2 Ke7 54. Qd2 Qe4+
55. Kg3 Qh1 56. Qe2 h5 57. Bd2 h4+ 58. Kf2 Qxh3 59. Qf3 Qg4 60. Be1 h3 61. Qxg4
fxg4 62. Kg1 Kf7 63. cxb6 axb6 64. a4 Ke7 65. Kh2 Kd7 66. Bf2 Kc7 67. Be1 Be7
68. Bd2 Bh4 69. Bc3 Bf2 70. Bd2 Kb7 71. b5 cxb5 72. axb5 Kc7 73. Bc1 Be1 74. Ba3
Bd2 0-1

[Event "Druzynowe Mistrzostwa Polski Juniorow - Ekstraliga"]
[Site "Osrodek Wczasowo - Szkoleniowy "Relax" ul. Stroma 20, 43-450 Ustron"]
[Date "2011-06-27"]
[Round "3.19"]
[White "Dowgird, Filip"]
[Black "Lapaj, Mateusz"]
[Result "1/2-1/2"]
[WhiteTitle "k"]
[BlackTitle "I+"]
[WhiteElo "2110"]
[BlackElo "2021"]

1. d4 Nf6 2. Nf3 d6 3. Nc3 g6 4. e4 Bg7 5. Be2 O-O 6. O-O Nc6 7. d5 Ne5 8. Nxe5
dxe5 9. Be3 e6 10. Bc5 Re8 11. d6 Bf8 12. Bb5 c6 13. Be2 b6 14. Ba3 Bb7 15. Qd2
a6 16. Rad1 c5 17. b4 Bxe4 18. bxc5 Bd5 19. Nxd5 exd5 20. c4 bxc5 21. Bxc5 d4
22. Bf3 e4 23. Qxd4 exf3 24. Bb6 Qxd6 25. Qxd6 Bxd6 26. Rxd6 Ne4 27. Rd4 Nc3 28.
Rd2 Rac8 29. c5 Na4 30. gxf3 Nxc5 31. Rd5 Na4 32. Be3 Re6 33. Ra5 Nc3 34. Kg2
Rec6 35. Rc1 Nb5 36. Rd1 Nd6 37. Bf4 Nf5 38. Rd7 Rc4 39. Be5 Nh4+ 40. Kg3 Nf5+
41. Kh3 Rc2 42. Bg3 Nxg3 43. Kxg3 R8c6 44. Ra7 Re2 45. R5xa6 Rcc2 46. Rf6 Rxf2
47. Rfxf7 Rg2+ 48. Kf4 Rxa2 49. Rg7+ Kf8 50. Rxa2 Rxa2 51. Rxh7 Kg8 52. Rb7 Rxh2
53. Kg5 Ra2 54. Kxg6 Ra6+ 55. Kg5 Ra5+ 56. Kg4 Ra4+ 57. f4 Ra5 58. f5 Ra6 59.
Kg5 Rc6 60. Re7 Kf8 61. Rh7 Kg8 62. Rd7 Kf8 63. Kf4 Ra6 64. Ke5 Ra5+ 65. Ke6 Ra6+
66. Rd6 Rxd6+ 67. Kxd6 1/2-1/2

[Event "Druzynowe Mistrzostwa Polski Juniorow - Ekstraliga"]
[Site "Osrodek Wczasowo - Szkoleniowy "Relax" ul. Stroma 20, 43-450 Ustron"]
[Date "2011-06-27"]
[Round "3.20"]
[White "Szolc, Grzegorz"]
[Black "Mondrzycki, Bartlomiej"]
[Result "0-1"]
[WhiteTitle "II"]
[BlackTitle "I"]
[WhiteElo "1733"]
[BlackElo "2048"]

1. e4 c5 2. Nf3 d6 3. d4 cxd4 4. Nxd4 Nf6 5. Nc3 Nc6 6. Bg5 Bd7 7. Be2 Qa5 8. Bxf6
gxf6 9. O-O Rg8 10. g3 Nxd4 11. Qxd4 Rc8 12. a4 Qc5 13. Qxc5 Rxc5 14. Bd3 Bg7
15. Ne2 f5 16. c3 fxe4 17. Bxe4 Bc6 18. Bxc6+ bxc6 19. b4 Rc4 20. Ra3 Kd7 21.
b5 Rb8 22. Rb1 Kc7 23. Rbb3 Rb6 24. Nf4 e6 25. Nd3 cxb5 26. axb5 Rb7 27. Kf1 d5
28. Ke2 Kd6 29. Ra6+ Ke7 30. Raa3 Kd6 31. Ra6+ Kd7 32. Kd2 Rbc7 33. Raa3 d4 34.
cxd4 Bxd4 35. Ra2 Kd6 36. f3 e5 37. Ra6+ Bb6 38. Ra2 f5 39. Nb4 e4 40. fxe4 fxe4
41. Ke2 Rf7 42. Rd2+ Ke6 43. Nc2 Rf2+ 44. Kd1 Rf1+ 45. Ke2 Rh1 46. h4 Ba5 47.
Nd4+ Kd5 48. Nf3+ Bxd2 49. Nxd2 Rc2 50. Ke3 Re1+ 51. Kf2 Rd1 0-1

[Event "Druzynowe Mistrzostwa Polski Juniorow - Ekstraliga"]
[Site "Osrodek Wczasowo - Szkoleniowy "Relax" ul. Stroma 20, 43-450 Ustron"]
[Date "2011-06-27"]
[Round "3.21"]
[White "Piotrowski, Przemyslaw"]
[Black "Rosicki, Marcin"]
[Result "1-0"]
[WhiteTitle "II+"]
[BlackTitle "II"]
[WhiteElo "1953"]
[BlackElo "1603"]

1. Nf3 Nf6 2. g3 g6 3. Bg2 Bg7 4. O-O O-O 5. d3 d6 6. c4 e5 7. Nc3 Nc6 8. Rb1 Be6
9. b4 Rb8 10. b5 Ne7 11. Ng5 Qd7 12. Nxe6 Qxe6 13. Qa4 d5 14. cxd5 Nexd5 15. Nxd5
Nxd5 16. Qc4 Rfd8 17. Bg5 Rd7 18. Rfc1 Qf5 19. Qh4 Bf6 20. Bxf6 Qxf6 21. Bxd5
Qxh4 22. gxh4 Rxd5 23. Rxc7 Rd4 24. Re7 Rxh4 25. Rxe5 Ra4 26. Rb2 Rc8 27. f3 Rc1+
28. Kf2 Kg7 29. b6 Kf6 30. Re8 axb6 31. Rxb6+ Rc6 32. Rxb7 Rxa2 33. Ree7 Re6 34.
Rxf7+ Kg5 35. Kg3 Rf6 36. f4+ Kf5 37. e4+ Ke6 38. Rfe7+ 1-0

[Event "Druzynowe Mistrzostwa Polski Juniorow - Ekstraliga"]
[Site "Osrodek Wczasowo - Szkoleniowy "Relax" ul. Stroma 20, 43-450 Ustron"]
[Date "2011-06-27"]
[Round "3.22"]
[White "Erdmann, Krzysztof"]
[Black "Gajdamowicz, Patrick"]
[Result "1-0"]
[WhiteTitle "II"]
[BlackTitle "I"]
[WhiteElo "1597"]
[BlackElo "1869"]

1. e4 e6 2. d4 d5 3. exd5 exd5 4. Nf3 Bd6 5. c4 dxc4 6. Bxc4 Nf6 7. O-O O-O 8.
Nc3 Bg4 9. Be3 Nbd7 10. h3 Bh5 11. Rc1 Nb6 12. Be2 Nfd5 13. Bg5 f6 14. Nxd5 Nxd5
15. Bc4 Bf7 16. Bd2 c6 17. Nh4 Qd7 18. Re1 Rfe8 19. Qc2 Be6 20. Bd3 g6 21. a3
Rad8 22. Ba5 Rc8 23. Bc4 Re7 24. Bxd5 Bxd5 25. Rxe7 Qxe7 26. Re1 Qf7 27. Qd2 Re8
28. Bb4 Bxb4 29. Qxb4 Rxe1+ 30. Qxe1 Qd7 31. Qe3 g5 32. Qg3 Kf7 33. Nf3 Bxf3 34.
gxf3 Ke7 35. h4 Qxd4 36. hxg5 fxg5 37. Qxg5+ Qf6 38. Qc5+ Kf7 39. Qc4+ Kg7 40.
Qg4+ Qg6 41. Kg2 h5 42. Qg3 h4 43. Qg4 c5 44. Kh3 Kh6 45. Qxh4+ Qh5 46. Qxh5+
Kxh5 47. Kg3 Kg5 48. f4+ Kf5 49. Kf3 b5 50. Ke3 a6 51. b3 a5 52. a4 c4 53. axb5
cxb3 54. Kd2 1-0